เปลี่ยนเป็นภาษาไทย

Change to English
 แสดงรายละเอียดบรรณานุกรม
  กลับหน้าหลัก

Brief Record : Get Marc (ISO 2709) : E-mail record : QR code กลับ
E-books : เกี่ยวกับ Collections
LEADER 00000nam 2200000uu 4500
001    13399128829
003     BCNR
008    260702s2568||||th 000 0 tha d
020    ^a9786161876579
041    ^atha
060  4 ^aWT116^bล513อ 2568
100 0  ^aลียง, กาเบรียล
245 00 ^aอายุยืนอย่างแข็งแรง ด้วยศาสตร์แห่งการสร้างกล้ามเนื้อ =^bForever strong /^cGabrielle Lyon, เขียน ; พรรณรวี อกนิษฐาภิชาติ, แปล
246 31 ^aForever strong
250    ^aพิมพ์ครั้งที่ 1
260    ^aกรุงเทพฯ :^bฮาวทู อมรินทร์ คอร์เปอเรชั่นส์,^c2568
300    ^a421 หน้า :^bภาพประกอบ ;^c21 ซม.
505 0  ^aPart One : ความเสี่ยง -- 1. เปลี่ยนกระบวนทัศน์มุ่งเน้นไขมัน -- 2. โรคร้ายจงออกไป -- 3. เสริมร่างกายแกร่งรับการเปลี่ยนแปลงทุกช่วงวัย -- Part Two : วางแผนสู่ความสำเร็จ -- 4. สำเร็จแน่ด้วยโภชนศาสตร์ -- 5. โปรตีน : มากกว่าแค่สารอาหารหลัก -- 6. คาร์โบไฮเดรตและไขมันจากอาหาร ไขปริศนาขวัญใจสายโภชนศาสตร์ -- Part Three : ลงมือทำปลดปล่อยความแข็งแรงฉบับไลออน -- 7. ตารางอาหารประจำวันตามโปรโตคอลไลออน -- 8. ประเมินพื้นฐาน : คุณอยู่ตรงไหน -- 9. ฝึกซ้อม : ปริมาณน้อยที่สุดเพื่อผลลัพธ์สูงสุด -- 10. ถึงเวลาคุมเกม
650  4 ^aการดูแลสุขภาพด้วยตนเอง
650  4 ^aการชะลอวัย
650  4 ^aการเปลี่ยนตามวัย
650  4 ^aความยืนยาวของชีวิต
650  4 ^aกำลังกล้ามเนื้อ^xแง่สรีรวิทยา
700 0  ^aพรรณรวี อกนิษฐาภิชาติ,^eผู้แปล
700 1  ^aLyon, Gabrielle. Forever Strong : A New, Science-Based Strategy for Aging Well
999    ^aบรรณารักษ์
รายการนี้ยังไม่มีแท็ก
คุณยังไม่ได้ล็อกอิน คุณสามารถมีกิจกรรมร่วมกับเว็บไซต์ได้ แต่ต้องล็อกอินก่อน ::
  ล็อกอิน
ลำดับที่ ประเภท เลขเรียก/บาร์โค้ด สถานที่ สถานะ
1. หนังสือ
หนังสือ
WT116 ล513อ 2568 c.1 
  Barcode: 088079
ห้องสมุดสาขาหลัก
►หนังสือทั่วไป
On Shelf
*รอนำขึ้นชั้น
2. หนังสือ
หนังสือ
WT116 ล513อ 2568 c.2 
  Barcode: 088080
ห้องสมุดสาขาหลัก
►หนังสือทั่วไป
On Shelf
*รอนำขึ้นชั้น
3. หนังสือ
หนังสือ
WT116 ล513อ 2568 c.3 
  Barcode: 088081
ห้องสมุดสาขาหลัก
►หนังสือทั่วไป
On Shelf
*รอนำขึ้นชั้น
   [แสดง 3/3 รายการ]

รายการใกล้เคียง
    หัวเรื่อง [การดูแลสุขภาพด้วยตนเอง]
    หัวเรื่อง [การชะลอวัย]

BibComment


ยังไม่เคยถูกคอมเมนท์

คอมเมนท์ทรัพยากรรายการนี้
  คอมเมนท์: อายุยืนอย่างแข็ง..
Bib 13399128829

 
 
 

 Union Library Management : ULibM
Copyright 2026. All Rights Reserved.